| 000 | 00412nam a2200181Ia 4500 | ||
|---|---|---|---|
| 003 | OSt | ||
| 005 | 20251121145834.0 | ||
| 008 | 250729s1950 xx 000 0 und d | ||
| 040 | _cAL | ||
| 041 | _aeng | ||
| 082 | _a150 NUTP | ||
| 100 |
_aNuttin Joseph _9224671 |
||
| 245 | _aPsychoanalysis & personality | ||
| 260 |
_aLondon _c1950 |
||
| 300 | _a310p | ||
| 650 |
_aPsychology _9224672 |
||
| 942 |
_2ddc _cBED |
||
| 999 |
_c236528 _d236528 |
||